Normal view
MARC view
- FLORES, CHAVA,
Entry Nombre Personal
001 - NUMERO DE CONTROL
- campo de control: 14838
003 - IDENTIFICADOR DE NUMERO DE CONTROL
- campo de control: UPN
005 - FECHA Y HORA DE LA ÜLTIMA TRANSACCIÓN
- campo de control: 20210219193830.0
008 - DATOS DE LONGITUD FIJA
- campo de control de longitud fija: nabaccnnaabn|||||||||| b |nc|||||d
035 ## - NUMERO DE CONTROL
- Número de control: UPN10000014846
040 ## - FUENTE DE CATALOGACIÓN
- Lenguaje de catalogación: SPA
- Agencia de transcripción: UPN
100 1# - ENCABEZAMIENTO - NOMBRE PERSONAL
- Nombre personal: FLORES, CHAVA,
- Fechas asociadas con el nombre: 1920-1987
400 1# - VEÁSE - NOMBRE DE PERSONA
- Personal name: Chava Flores,
- Dates associated with a name: 1920-1987
400 1# - VEÁSE - NOMBRE DE PERSONA
- Personal name: Flores Rivera, Salvador,
- Dates associated with a name: 1920-1987
670 ## - FUENTE EN LA QUE SE LOCALIZARON DATOS
- Cita de la fuente: T/P
- Información localizada: Diccionario Porrúa de historia, biografía y geografía de México
902 ## - CATALOGADOR
- Catalogador: BEC/150197
